000 01258nam0a2200337 i 4500
001 RU\NLR\BIBL_A\010950283
005 20241101205756.0
010 _a9785699634699
_94000
021 _aRU
_b2015-96863
_96011
035 _a(NILC)RuMoRGB-008097579
035 _a(NLR Aleph) 010950283
090 _a10777960
_c10777960
100 _a20160113d2015 km y0rusy50 ca
101 1 _arus
_cfre
102 _aRU
105 _aa|||z|||001yy
200 1 _aСадовые цветы
_eподробное иллюстрированное руководство
_fРоссин Лепаж, Денис Ретурнард
_g[пер. с фр. Е. Л. Маланкиной]
210 _aМосква
_cЭ
_d2015
215 _a232, [1] с.
_cцв. ил.
_d25
225 1 _aПодарочные издания
_iПервая энциклопедия садовода
333 _a12+
606 _aЦветочные культуры
_jПопулярные издания
_9995714
_3RU\NLR\AUTH\6658989
675 _a635.9
686 1 _aП274-4я9
700 1 _aЛепаж
_bР.
_gРоссин
701 1 _aРетурнард
_bД.
_f1955-
_gДенис
801 0 _aRU
_bРГБ
_c20151216
_gRCR
942 _cBOOK
980 _aNBR